| 000 | 07178naa a2200577 4500 | ||
|---|---|---|---|
| 005 | 20100222135828.0 | ||
| 010 | _aHIN-89653 | ||
| 020 |
_c495.00 _a9789350000182 |
||
| 035 | _aHN-61999 | ||
| 035 | _aB-401383-409 | ||
| 037 | _bDBAD / PUB | ||
| 037 | _bवाणी प्रकाशऩ/ PUB | ||
| 082 | _a921 | ||
| 100 |
_aभिमानी, हरीश _923300 |
||
| 245 |
_aलता दीदीः _cहरीश भिमानी _bअजीव दास्ताँ है ये... / |
||
| 260 |
_aनयी दिल्ली _bवाणी प्रकाशऩ _c2009 |
||
| 270 |
_a4695, 21-ए, दरियागंज, _bनयी दिल्ली _e110002 |
||
| 300 |
_a374 पृ _c22सेमी (सजिल्द) _bसचित्र |
||
| 650 |
_a _923301 |
||
| 650 |
_a _923302 |
||
| 942 |
_adpl _cHN _k _2ddc _mमंगेश _h921 |
||
| 999 |
_c34246 _d34246 |
||